000 00526nam a22001697a 4500
999 _c8317
_d8317
008 201113b ||||| |||| 00| 0 eng d
040 _aBMS College of Architecture
100 _aDeepthi, N
245 _aVasudhaiva kutumbakam The third home
300 _a51p.
500 _a1BM15AT019
502 _8B,Arch
_NBMS College of Architecture, Visvesvaraya Technological University (VTU)
_aProject report
_d2019
650 _aKutumbakam
700 _aMaithily Velangi
_eGuide
700 _aPraveen Alva
_eGuide
942 _2ddc
_cTHE